Introducción al cultivo hidropónico /

Guardado en:
Formato: Libro
Idioma:Spanish
Publicado: Buenos Aires : Centro Tecnológico de Flori Fruti Horticultura, CETEFFHO : INTA, 2002.
Etiquetas: Agregar Etiqueta
Sin Etiquetas, Sea el primero en etiquetar este registro!
LEADER 00490nam a22001215a 4500
001 EEA.libagro007725
005 20161205124049.0
008 130809s2002####ag#a##########000#0#spa#d
082 0 4 |a 631.585 
245 1 0 |a Introducción al cultivo hidropónico /  |c Centro Tecnológico de Flori Fruti Horticultura, CETEFFHO. 
260 |a Buenos Aires :  |b Centro Tecnológico de Flori Fruti Horticultura, CETEFFHO :  |b INTA,  |c 2002. 
300 |a 87 p. :  |b il. ;  |c 30 cm. 
859 |a AR-BbBCA  |b BIB. AGRONOMIA  |h 631.585  |i A691  |p 2007/5114